00793nas a2200253 4500001001300000003000900013005001700022007000300039008003400042040005400076041000900130072000800139100001800147100001600165100001500181100001700196100002100213245011500234650002000349650002500369650001700394650001100411773011700422BR2011005958BR-BrBNA20231205115147.0ta230509b bl.|||p| |||| 00| 00por d aBR-BrBNAbporcBiblioteca Nacional de Agricultura a(En) aL021 aBruno, L.D.G.1 aMaiorka, A.1 aMacari, M.1 aFurlan, R.L.1 aGivisiez, P.E.N.1 aWater intake behavior of broiler chickens exposed to heat stress and drinking from bell or and nipple drinkers aFRANGO DE CORTE aABSORÇÃO DE AGUA aTEMPERATUR4A aSTRESS0 tBrazilian Journal of Poultry Science (Brazil)xISSN 1516-635Xg(Apr-Jun 2011), v. 13(2) p. 147-152wBR2011005958